| 000 | 01056nam a22003255i 4500 | ||
|---|---|---|---|
| 003 | EG-ScBUE | ||
| 005 | 20250702082341.0 | ||
| 008 | 180102t1997 njua f 001 0 eng d | ||
| 020 | _a9780132819909 | ||
| 020 | _a0132819902 | ||
| 040 |
_aEG-ScBUE _beng _erda _cEG-ScBUE _dEG-ScBUE |
||
| 082 | 0 | 4 |
_222 _a540 _bPET |
| 100 | 1 |
_930065 _aPetrucci, Ralph H., _eauthor. |
|
| 245 | 1 | 0 |
_aGeneral chemistry : _bprinciples and modern applications / _cRalph H. Petrucci, William S. Harwood. |
| 250 | _aSeventh edtion. | ||
| 264 | 1 |
_aUpper Saddle River, New Jersey : _bPrentice Hall, _c[1997] |
|
| 264 | 4 | _cc1997 | |
| 300 |
_aix, 341 pages : _billustrations ; _c28 cm. |
||
| 336 |
_2rdacontent _atext _btxt |
||
| 337 |
_aunmediated _2rdamedia _bn |
||
| 338 |
_avolume _bnc _2rdacarrier |
||
| 490 | 0 | _aStudent study guide | |
| 500 | _aIncludes index. | ||
| 500 | _aIncludes appendix. | ||
| 650 | 7 |
_94328 _aChemistry. _2BUEsh |
|
| 653 |
_bGGEN _bENGCHE _cJanuary2018 |
||
| 655 | _vReading book | ||
| 700 | 1 |
_aHarwood, William S., _eauthor. |
|
| 942 |
_2ddc _cBB |
||
| 999 |
_c25837 _d25809 |
||